| 000 | 01356nam0a2200349 4500 | ||
|---|---|---|---|
| 001 | RU\NLR\bibl\1700975 | ||
| 005 | 20250616061610.0 | ||
| 010 |
_a978-5-94856-687-0 _9500 |
||
| 021 |
_aRU _b2010-99625 _96727 |
||
| 035 | _a(NLR Aleph) 001692054 | ||
| 090 |
_a1166975 _c1166975 |
||
| 100 | _a20100910d2010 |||y0rusy50 ca | ||
| 101 | 0 | _arus | |
| 102 | _aRU | ||
| 105 | _ay ||||||||| | ||
| 200 | 1 |
_aСоциальная психология рекламной деятельности _eсловарь-справочник _fЭ.Э. Кибизова |
|
| 210 |
_aСанкт-Петербург _cАстерион _d2010 |
||
| 215 |
_a572 с. _d21 |
||
| 300 | _aНа 4-й с. обл. авт.: Э.Э. Кибизова, к.психол.н., доц. | ||
| 320 | _aБиблиогр.: с. 529-537 (215 назв.) | ||
| 320 | _aДр. работы авт. на 4-й с. обл. | ||
| 320 | _aПредм. указ.: с. 538-572 | ||
| 606 | 1 |
_aРеклама _jСловари _xСоциально-психологические исследования _92189017 _3RU\NLR\auth\661315967 |
|
| 686 | _aС550.324я21 | ||
| 686 | _aС550.425я21 | ||
| 700 | 1 |
_aКибизова _bЭ. Э. _gЭтери Эдуардовна _4070 |
|
| 801 | 0 |
_aRU _bNLR _c20100910 _gRCR |
|
| 801 | 1 |
_aRU _bNLR _c20100910 |
|
| 830 | _aпо кн | ||
| 942 | _cBOOK | ||
| 980 | _aNB | ||